Interpersonálna komunikácia

Interpersonálna komunikácia, jej formy a bariéry. Námety na zefektívnenie komunikácie v pracovnom prostredí v procese komunikácie, ktorý je zložitý, ovplyvnený emocionálnymi, psychologickými a mentálnymi charakteristikami jednotlivcov, ale aj špecifikami prostriedkov používaných na komunikovanie. Ve...

Description complète

Enregistré dans:
Détails bibliographiques
Auteur principal: Olexová, Cecília, 1976-
Format: Chapitre de livre
Langue:slovaque
Sujets:
Tags: Ajouter un tag
Pas de tags, Soyez le premier à ajouter un tag!

MARC

LEADER 00000naa a2200000 4500
001 0279591
005 20240502074334.0
041 0 |a slo 
044 |a SK 
245 1 0 |a Interpersonálna komunikácia  |c Cecília Olexová 
520 |a Interpersonálna komunikácia, jej formy a bariéry. Námety na zefektívnenie komunikácie v pracovnom prostredí v procese komunikácie, ktorý je zložitý, ovplyvnený emocionálnymi, psychologickými a mentálnymi charakteristikami jednotlivcov, ale aj špecifikami prostriedkov používaných na komunikovanie. Verbálna, paraverbálna a neverbálna komunikácia. 
610 2 0 |a komunikácia interpersonálna 
610 2 0 |a komunikácia verbálna 
610 2 0 |a komunikácia neverbálna 
610 2 0 |a bariéry komunikačné 
610 2 0 |a vzťahy pracovné 
610 2 0 |a vzťahy medziľudské 
610 2 0 |a prostredie pracovné 
610 2 0 |a efektívnosť práce 
100 1 |a Olexová, Cecília, 1976-